Sports Quiz

Random Sports or MLB Quiz

MLB - SP w/most single-season starts, age 35+ Quiz Stats

 Plays Quiz not verified by Sporcle

Score 0/63 Timer 05:00
0 Plays Today
Team Player % Correct
Age 40+Roger Clemens (41)
98.1%
Age 40+Roger Clemens (42)
98.1%
Age 35-40Randy Johnson (36)
97.1%
Age 35-40Randy Johnson (37)
97.1%
Age 35-40Randy Johnson (38)
97.1%
Age 40+Greg Maddux (42)
97.1%
Age 40+Greg Maddux (41)
97.1%
Age 40+Randy Johnson (41)
97.1%
Age 40+Randy Johnson (42)
97.1%
Age 35-40Greg Maddux (36)
97.1%
Age 35-40Greg Maddux (40)
97.1%
Age 35-40Greg Maddux (37)
97.1%
Age 35-40Greg Maddux (39)
97.1%
Age 35-40Randy Johnson (40)
97.1%
Age 40+Randy Johnson (44)
97.1%
Age 35-40Jamie Moyer (39)
96.2%
Age 35-40Tom Glavine (36)
96.2%
Age 40+Jamie Moyer (44)
96.2%
Age 40+Jamie Moyer (45)
96.2%
Age 40+Jamie Moyer (41)
96.2%
Age 40+Jamie Moyer (42)
96.2%
Age 40+Jamie Moyer (43)
96.2%
Age 40+Tom Glavine (41)
96.2%
Age 40+Bartolo Colon (41)
95.2%
Age 40+Bartolo Colon (42)
95.2%
Age 40+Bartolo Colon (43)
95.2%
Age 35-40Dennis Martinez (39)
90.5%
Age 40+Dennis Martinez (41)
90.5%
Age 35-40John Smoltz (39)
89.5%
Age 35-40R.A. Dickey (38)
88.6%
Age 35-40R.A. Dickey (39)
88.6%
Age 40+R.A. Dickey (41)
88.6%
Team Player % Correct
Age 40+Nolan Ryan (43)
87.6%
Age 40+Nolan Ryan (44)
87.6%
Age 40+Nolan Ryan (45)
87.6%
Age 40+Tim Wakefield (41)
85.7%
Age 35-40Jack Morris (36)
83.8%
Age 35-40Jack Morris (37)
83.8%
Age 40+Kenny Rogers (41)
81%
Age 35-40Kenny Rogers (39)
81%
Age 35-40Mike Mussina (39)
81%
Age 40+Kenny Rogers (43)
81%
Age 40+Charlie Hough (42)
79%
Age 40+Charlie Hough (43)
79%
Age 40+Charlie Hough (44)
79%
Age 40+Charlie Hough (45)
79%
Age 35-40David Wells (36)
76.2%
Age 35-40David Wells (37)
76.2%
Age 40+David Wells (41)
76.2%
Age 40+David Wells (42)
76.2%
Age 40+David Wells (44)
76.2%
Age 35-40Chris Carpenter (36)
73.3%
Age 40+Andy Pettitte (41)
69.5%
Age 35-40Orel Hershiser (39)
48.6%
Age 35-40Derek Lowe (36)
41%
Age 35-40Derek Lowe (38)
41%
Age 35-40Jimmy Key (36)
40%
Age 35-40John Burkett (36)
38.1%
Age 35-40A.J. Burnett (37)
26.7%
Age 35-40Chuck Finley (37)
24.8%
Age 35-40Rick Sutcliffe (36)
21%
Age 35-40Danny Darwin (37)
17.1%
Age 35-40Tim Belcher (36)
7.6%

You're not logged in!

Compare scores with friends on all Sporcle quizzes.
Join for Free
OR
Log In

You Might Also Like...

Show Comments

Extras

Top Quizzes Today


Score Distribution

Your Account Isn't Verified!

In order to create a playlist on Sporcle, you need to verify the email address you used during registration. Go to your Sporcle Settings to finish the process.

Report this User

Report this user for behavior that violates our Community Guidelines.

Details: